[Event "European Youth Chess Championship B12"]
[Site "Prague, Top Hotel Prague"]
[Date "2016.08.27"]
[Round "9.21"]
[White "Biletskiy, Danylo"]
[Black "Marn, Jan"]
[Result "1-0"]
[WhiteElo "1796"]
[BlackElo "1896"]
[PlyCount "59"]
[EventDate "2016.08.18"]

1. Nf3 d5 2. c4 d4 3. d3 c5 4. g3 Nc6 5. Bg2 e5 6. O-O Nf6 7. e3 Bd6 8. exd4
cxd4 9. Bg5 O-O 10. a3 a5 11. Re1 h6 12. Bxf6 Qxf6 13. Nbd2 Qd8 14. c5 Bc7 15.
Nc4 Re8 16. Nfd2 f5 17. Rb1 a4 18. b4 axb3 19. Qxb3 Kh8 20. Nb6 Bxb6 21. cxb6
Qd6 22. Nc4 Qf8 23. Bxc6 bxc6 24. b7 Rb8 25. bxc8=Q Rxb3 26. Qxc6 Rxb1 27. Rxb1
e4 28. dxe4 fxe4 29. Qd6 Qf5 30. Rb8 1-0

[Event "European Youth Chess Championship B12"]
[Site "Prague, Top Hotel Prague"]
[Date "2016.08.27"]
[Round "9.22"]
[White "Melkumiants, Alexandr"]
[Black "Van, Dael Siem"]
[Result "0-1"]
[WhiteElo "1794"]
[BlackElo "2082"]
[PlyCount "118"]
[EventDate "2016.08.18"]

1. Nf3 Nf6 2. g3 g6 3. b3 Bg7 4. Bb2 O-O 5. Bg2 d5 6. d4 c5 7. O-O b6 8. c4
cxd4 9. cxd5 Bb7 10. Bxd4 Bxd5 11. Bb2 Nbd7 12. Nc3 Bb7 13. Rc1 Rc8 14. Nd4
Bxg2 15. Kxg2 Qc7 16. Qd3 Qb7+ 17. Kg1 Nc5 18. Qb1 Rfd8 19. Rfd1 a6 20. Nf3 b5
21. Rxd8+ Rxd8 22. Rd1 Rxd1+ 23. Qxd1 Qd7 24. Qxd7 Nfxd7 25. Nd2 b4 26. Nd1 a5
27. Bxg7 Kxg7 28. Nb2 Nf6 29. Ndc4 Nfe4 30. Nxa5 Nc3 31. Nc6 Nxa2 32. Nd3 Nxd3
33. exd3 Kf6 34. Kf1 Ke6 35. Ke2 Kd6 36. Na5 Kd5 37. Kd2 Nc3 38. Nc4 Nb5 39.
Ne3+ Kc5 40. Kc2 Nd4+ 41. Kb2 Nf3 42. h3 Ne1 43. f4 Nxd3+ 44. Kc2 Nf2 45. h4
Ne4 46. Nf1 Kd4 47. Kd1 Kd3 48. g4 Nf2+ 49. Ke1 Nxg4 50. Nd2 Ne3 51. Nf3 f6 52.
Kf2 Nf5 53. Kg2 Ke3 54. Ne1 Nd4 55. Kg3 h5 56. Ng2+ Ke2 57. Kh3 Kf2 58. Kh2 e5
59. fxe5 Nf3+ 0-1

[Event "European Youth Chess Championship B12"]
[Site "Prague, Top Hotel Prague"]
[Date "2016.08.27"]
[Round "9.23"]
[White "Tsaruk, Maksim"]
[Black "Harutyunyan, Safar"]
[Result "1-0"]
[WhiteElo "2098"]
[BlackElo "1867"]
[PlyCount "99"]
[EventDate "2016.08.18"]

1. e4 d5 2. exd5 Nf6 3. d4 Bg4 4. Nf3 Qxd5 5. Be2 Nc6 6. h3 Qh5 7. O-O O-O-O 8.
hxg4 Nxg4 9. Bf4 f5 10. c3 g5 11. Bg3 Qg6 12. Qc2 Bg7 13. Nh2 Nf6 14. Bd3 e6
15. Re1 Qf7 16. Nf3 h6 17. Rxe6 f4 18. Bg6 Qg8 19. Bh2 Kb8 20. Re2 Qd5 21. Nbd2
Nd7 22. Qf5 Qxf5 23. Bxf5 Rhf8 24. Bxd7 Rxd7 25. Rae1 Rdd8 26. Nc4 Bf6 27. Nfe5
Kc8 28. Nxc6 bxc6 29. b4 Kd7 30. Re6 Bh8 31. Na5 h5 32. Nxc6 Rc8 33. d5 Bxc3
34. Ne5+ Kd8 35. Rc1 Bb2 36. Rc2 Bxe5 37. Rxe5 Rg8 38. g3 f3 39. g4 hxg4 40.
Re6 a5 41. b5 Kd7 42. Rec6 Rge8 43. Rxc7+ Rxc7 44. Rxc7+ Kd8 45. Bg3 Re2 46. b6
Rb2 47. b7 a4 48. Rc8+ Kd7 49. b8=Q a3 50. Rc7# 1-0

[Event "European Youth Chess Championship B12"]
[Site "Prague, Top Hotel Prague"]
[Date "2016.08.27"]
[Round "9.24"]
[White "Tsvetkov, Andrey"]
[Black "Czernek, Tymon"]
[Result "0-1"]
[WhiteElo "2096"]
[BlackElo "1847"]
[PlyCount "116"]
[EventDate "2016.08.18"]

1. d4 d5 2. c4 Nc6 3. Nf3 Bg4 4. Nc3 e6 5. Qa4 Bxf3 6. gxf3 Nf6 7. Bf4 dxc4 8.
e3 Nd5 9. Bg3 Nb6 10. Qc2 Bd6 11. Be2 h5 12. h4 Bxg3 13. fxg3 Qd6 14. Kf2 O-O-O
15. Rad1 Qe7 16. Na4 g5 17. Nxb6+ axb6 18. Qxc4 Rhg8 19. f4 gxf4 20. gxf4 Qf6
21. Bf3 Ne7 22. Rc1 c6 23. b4 Kb8 24. b5 c5 25. Qc2 Nd5 26. dxc5 Nb4 27. Qc3
Qxc3 28. Rxc3 Rd2+ 29. Be2 Nxa2 30. Rc4 bxc5 31. Rxc5 f5 32. Rc4 Rb2 33. Rd1
Rc8 34. Rxc8+ Kxc8 35. Kf1 Rxe2 36. Rd3 Rc2 37. Rd6 Nc3 38. Rxe6 Nxb5 39. Rh6
Nc3 40. Rxh5 Nd5 41. Rh8+ Kc7 42. h5 Nxe3+ 43. Ke1 Rh2 44. h6 Ng4 45. h7 Nf6
46. Rf8 Nxh7 47. Rxf5 Kc6 48. Kd1 b5 49. Kc1 Rh6 50. Re5 Rf6 51. f5 Ng5 52. Kb2
Kb6 53. Kb3 Nf3 54. Rd5 Rxf5 55. Rd6+ Kc5 56. Rd8 Nd4+ 57. Kc3 Rf3+ 58. Kb2 Rd3
0-1

[Event "European Youth Chess Championship B12"]
[Site "Prague, Top Hotel Prague"]
[Date "2016.08.27"]
[Round "9.25"]
[White "Dardha, Daniel"]
[Black "Yaniv, Yuval"]
[Result "1-0"]
[WhiteElo "2095"]
[BlackElo "1845"]
[PlyCount "115"]
[EventDate "2016.08.18"]

1. d4 Nf6 2. Bg5 c5 3. d5 Qb6 4. Nc3 Qxb2 5. Bd2 a6 6. Na4 Qe5 7. Nb6 Nxd5 8.
Nxa8 b5 9. Nf3 Qf6 10. Ba5 Bb7 11. e4 Nc6 12. Bd2 Qe6 13. Qe2 Qf6 14. Qd1 Qe6
15. Qe2 Qf6 16. Rb1 Nc3 17. Nc7+ Kd8 18. Nd5 Nxe2 19. Nxf6 Ned4 20. Nxd4 Nxd4
21. Nd5 e6 22. Ba5+ Ke8 23. Nc7+ Ke7 24. f3 Nxc2+ 25. Kf2 Nb4 26. a4 bxa4 27.
Bxb4 cxb4 28. Rxb4 Bc6 29. Nxa6 Kf6 30. Rb8 Bc5+ 31. Ke1 a3 32. Bc4 Rxb8 33.
Nxb8 Ba4 34. Ke2 Ke5 35. Kd3 d5 36. exd5 exd5 37. Ba2 Bb5+ 38. Kc2 Bd6 39. Rb1
Ba4+ 40. Bb3 a2 41. Re1+ Kf5 42. Bxa4 Bxb8 43. Bb3 Bxh2 44. Bxd5 Be5 45. Bxa2
f6 46. Kd3 Kf4 47. Re4+ Kf5 48. Ke3 g5 49. g4+ Kg6 50. Rxe5 fxe5 51. Ke4 Kf6
52. Bb3 h6 53. Bc4 Kg6 54. Kxe5 h5 55. gxh5+ Kxh5 56. Kf5 Kh4 57. Be2 Kh5 58.
f4+ 1-0

[Event "European Youth Chess Championship B12"]
[Site "Prague, Top Hotel Prague"]
[Date "2016.08.27"]
[Round "9.26"]
[White "Baum, Jonasz"]
[Black "Budisavljevic, Luka"]
[Result "0-1"]
[WhiteElo "1842"]
[BlackElo "1993"]
[PlyCount "142"]
[EventDate "2016.08.18"]

1. e4 c5 2. Nf3 e6 3. d4 cxd4 4. Nxd4 Nc6 5. Nc3 Qc7 6. f4 Nxd4 7. Qxd4 a6 8.
Be3 b5 9. O-O-O Bb7 10. Bd3 Nf6 11. e5 Nd5 12. Nxd5 Bxd5 13. Be4 Rc8 14. Kb1
Qc6 15. Bxd5 exd5 16. Qxd5 Qxc2+ 17. Ka1 Qc6 18. Qd3 Be7 19. f5 Rc7 20. f6 gxf6
21. exf6 Bxf6 22. Rhe1 O-O 23. Rc1 Qb7 24. Qd6 Rc6 25. Qf4 Bg7 26. h4 Rfc8 27.
h5 h6 28. g4 Rc2 29. Rxc2 Rxc2 30. Bd4 Re2 31. Bf2 Rxe1+ 32. Bxe1 Qg2 33. Qd2
Qxg4 34. a3 Qe6 35. Qc1 d5 36. Bd2 d4 37. Qc7 Kh7 38. Qf4 Kg8 39. Qc7 Qg4 40.
Bb4 Qd1+ 41. Ka2 Qxh5 42. Qc8+ Kh7 43. Qxa6 Qd5+ 44. Kb1 d3 45. Qc8 Qh1+ 46.
Qc1 Qxc1+ 47. Kxc1 Kg6 48. b3 Kf5 49. a4 bxa4 50. bxa4 Bd4 51. a5 Ke4 52. a6 h5
53. Bc3 Ba7 54. Bf6 Kf5 55. Bd8 Ke4 56. Bf6 Be3+ 57. Kd1 Kf4 58. Bg7 Kf3 59.
Bh6 Ba7 60. Kd2 Ke4 61. Bg5 f5 62. Ke1 f4 63. Kf1 f3 64. Ke1 f2+ 65. Kf1 h4 66.
Bh6 h3 67. Be3 h2 68. Kxf2 h1=Q 69. Bxa7 d2 70. Ke2 d1=Q+ 71. Kf2 Qh2# 0-1

[Event "European Youth Chess Championship B12"]
[Site "Prague, Top Hotel Prague"]
[Date "2016.08.27"]
[Round "9.27"]
[White "Mathieu, Phileas"]
[Black "Dudin, Gleb"]
[Result "1-0"]
[WhiteElo "1835"]
[BlackElo "1965"]
[PlyCount "47"]
[EventDate "2016.08.18"]

1. e4 e6 2. d4 d5 3. Nd2 c5 4. exd5 exd5 5. Ngf3 Nf6 6. Bb5+ Bd7 7. Bxd7+ Nbxd7
8. O-O Be7 9. dxc5 Nxc5 10. Nb3 Nce4 11. Nfd4 Qd7 12. f3 Nd6 13. Nc5 Qc7 14.
Nd3 O-O 15. Kh1 Nc4 16. b3 Nd6 17. Bb2 Rfe8 18. Qd2 Rac8 19. Rad1 Nc4 20. bxc4
dxc4 21. Nf5 cxd3 22. Qg5 g6 23. Nxe7+ Rxe7 24. Qxf6 1-0

[Event "European Youth Chess Championship B12"]
[Site "Prague, Top Hotel Prague"]
[Date "2016.08.27"]
[Round "9.28"]
[White "Horobrijs, Daniils"]
[Black "Antonica, Dragos-Andrei"]
[Result "0-1"]
[WhiteElo "1829"]
[BlackElo "1946"]
[PlyCount "56"]
[EventDate "2016.08.18"]

1. e4 e6 2. d3 c5 3. Nd2 Nc6 4. Ngf3 d5 5. g3 d4 6. Bg2 e5 7. Nc4 Bd6 8. Nxd6+
Qxd6 9. Nh4 Nge7 10. O-O Be6 11. f4 f6 12. fxe5 Nxe5 13. Nf5 Nxf5 14. exf5 Bd5
15. Qh5+ Bf7 16. Qe2 O-O-O 17. a3 Rhe8 18. Bf4 Bd5 19. Bxd5 Qxd5 20. Rae1 Nf3+
21. Qxf3 Qxf3 22. Rxe8 Qxf1+ 23. Kxf1 Rxe8 24. Bd6 b6 25. b4 cxb4 26. Bxb4 Kd7
27. Kf2 a5 28. Bd2 Rc8 0-1

[Event "European Youth Chess Championship B12"]
[Site "Prague, Top Hotel Prague"]
[Date "2016.08.27"]
[Round "9.30"]
[White "Frank, Adam"]
[Black "Coca, Cristi-Iulian"]
[Result "0-1"]
[WhiteElo "1816"]
[BlackElo "1929"]
[PlyCount "80"]
[EventDate "2016.08.18"]

1. e4 c5 2. Nf3 e6 3. d4 cxd4 4. Nxd4 a6 5. Nc3 Qc7 6. Bd3 Nf6 7. f4 d6 8. Qf3
Nbd7 9. Be3 b5 10. g4 Nc5 11. g5 Nfd7 12. O-O Bb7 13. a4 b4 14. Nd1 d5 15. e5
Be7 16. Nf2 O-O-O 17. Nb3 d4 18. Ne4 dxe3 19. Rad1 Nxe4 20. Bxe4 Nc5 21. Bxb7+
Nxb7 22. Qe2 Rxd1 23. Rxd1 Rd8 24. Rxd8+ Qxd8 25. Qxe3 Qd1+ 26. Kg2 Qxc2+ 27.
Kf1 Qb1+ 28. Kg2 Qxb2+ 29. Kf1 Qc3 30. Qb6 Qxb3 31. Qxa6 Qf3+ 32. Ke1 Qe4+ 33.
Kd1 b3 34. Qa8+ Kc7 35. Qe8 Qf3+ 36. Kc1 Ba3+ 37. Kd2 Bb4+ 38. Kc1 Qc3+ 39. Kb1
Qc2+ 40. Ka1 Bc3# 0-1

[Event "European Youth Chess Championship B12"]
[Site "Prague, Top Hotel Prague"]
[Date "2016.08.27"]
[Round "9.31"]
[White "Luczak, Filip"]
[Black "Ceres, Dragos"]
[Result "1-0"]
[WhiteElo "1749"]
[BlackElo "1904"]
[PlyCount "73"]
[EventDate "2016.08.18"]

1. e4 e6 2. d4 d5 3. Nc3 Nf6 4. Bg5 Bb4 5. e5 h6 6. Be3 Ne4 7. Qg4 g6 8. a3
Bxc3+ 9. bxc3 c5 10. Bd3 h5 11. Qf3 Qa5 12. Ne2 cxd4 13. Bxd4 Nc6 14. O-O Nc5
15. Qf6 Rg8 16. Nf4 Nd7 17. Qg5 Qd8 18. Nxe6 fxe6 19. Bxg6+ Rxg6 20. Qxg6+ Kf8
21. Qh6+ Ke7 22. Be3 Qg8 23. f4 b6 24. Rf3 Qf7 25. Qg5+ Ke8 26. Rh3 Ne7 27.
Rxh5 Kd8 28. f5 exf5 29. Rh6 Nxe5 30. Bd4 Nd7 31. Re1 Nf8 32. Rf6 Qe8 33. Rxf8
Qxf8 34. Rxe7 Qxe7 35. Bf6 Qxf6 36. Qxf6+ Kc7 37. h4 1-0

[Event "European Youth Chess Championship B12"]
[Site "Prague, Top Hotel Prague"]
[Date "2016.08.27"]
[Round "9.32"]
[White "Gucaga, Augustas"]
[Black "Rokos, Filip"]
[Result "1/2-1/2"]
[WhiteElo "1902"]
[BlackElo "1687"]
[PlyCount "76"]
[EventDate "2016.08.18"]

1. e4 e5 2. Nf3 Nc6 3. Bb5 a6 4. Ba4 d6 5. c3 Bd7 6. O-O g6 7. d4 Bg7 8. d5 Nb8
9. Bg5 Ne7 10. Bxd7+ Nxd7 11. Ne1 f6 12. Bh4 h5 13. h3 g5 14. Bg3 Ng6 15. Nc2
Qe7 16. Ne3 Qf7 17. Na3 Ne7 18. Qf3 Qg6 19. b4 Kf7 20. Nac4 b6 21. Rfe1 Rh7 22.
h4 g4 23. Qe2 Qxe4 24. Rad1 Qg6 25. f4 Kg8 26. Rf1 Kh8 27. f5 Qf7 28. Qd3 Bh6
29. Qe4 a5 30. Rf2 axb4 31. cxb4 Ra4 32. Nc2 Ra8 33. a3 Nc8 34. Nb2 Ra6 35. Qc4
Ra7 36. Kh1 Nf8 37. Re2 Qd7 38. Qd3 Kg7 1/2-1/2

[Event "European Youth Chess Championship B12"]
[Site "Prague, Top Hotel Prague"]
[Date "2016.08.27"]
[Round "9.33"]
[White "Chiriac, Daniel"]
[Black "Decuigniere, Tom"]
[Result "0-1"]
[WhiteElo "1687"]
[BlackElo "1878"]
[PlyCount "88"]
[EventDate "2016.08.18"]

1. e4 c5 2. Nf3 g6 3. d4 cxd4 4. Nxd4 Nc6 5. Nc3 Bg7 6. Be3 Nf6 7. f3 O-O 8. g4
Nxd4 9. Bxd4 d6 10. Qd2 Qa5 11. Nb5 Qxd2+ 12. Kxd2 Bd7 13. c3 a6 14. Nc7 Rac8
15. Bxf6 Bxf6 16. Nd5 Kg7 17. h4 e6 18. Nb6 Rc7 19. Rd1 Bc6 20. Ke3 Rd8 21. Be2
d5 22. exd5 exd5 23. a4 a5 24. Rd3 Be7 25. b4 axb4 26. cxb4 Bxb4 27. Rc1 Ba5
28. Rb3 d4+ 29. Kf2 Bxa4 30. Rxc7 Bxb3 31. Rc5 Bxb6 32. Rb5 Rd6 33. Rxb3 d3+
34. Rxb6 Rxb6 35. Bxd3 Kf6 36. Ke3 Rb3 37. Kd4 Rxd3+ 38. Kxd3 Ke5 39. Ke3 b5
40. f4+ Kd5 41. h5 b4 42. hxg6 hxg6 43. f5 g5 44. f6 Ke5 0-1

[Event "European Youth Chess Championship B12"]
[Site "Prague, Top Hotel Prague"]
[Date "2016.08.27"]
[Round "9.34"]
[White "Poltorak, Sebastian"]
[Black "Karacsonyi, Gellert"]
[Result "1/2-1/2"]
[WhiteElo "1763"]
[BlackElo "2122"]
[PlyCount "93"]
[EventDate "2016.08.18"]

1. d4 f5 2. c4 Nf6 3. g3 g6 4. Bg2 Bg7 5. Nf3 O-O 6. O-O e6 7. b4 d6 8. Bb2 Ne4
9. Nbd2 c6 10. Qc2 d5 11. e3 Nd7 12. Nxe4 fxe4 13. Nd2 Qe7 14. a3 Nf6 15. Qb3
Kh8 16. f3 exf3 17. Bxf3 Bd7 18. e4 Bh6 19. Bc1 dxe4 20. Nxe4 Bxc1 21. Raxc1 e5
22. Nxf6 Qxf6 23. Bg2 Qd6 24. dxe5 Qd4+ 25. Kh1 Qxe5 26. Rfe1 Qc7 27. Rf1 Rae8
28. Rxf8+ Rxf8 29. Qe3 a6 30. Re1 Kg8 31. Qd2 Re8 32. Rd1 Bg4 33. Re1 Rxe1+ 34.
Qxe1 Qd7 35. c5 Kf7 36. h3 Be6 37. Kh2 Qd4 38. Qc1 Kg7 39. Qg5 Qf6 40. Qd2 h5
41. h4 Bg4 42. Qe3 Kf7 43. Qd2 Qe6 44. Qf4+ Bf5 45. Qc7+ Qe7 46. Qf4 Kg7 47.
Qd4+ 1/2-1/2

[Event "European Youth Chess Championship B12"]
[Site "Prague, Top Hotel Prague"]
[Date "2016.08.27"]
[Round "9.36"]
[White "Minko, Dmitry"]
[Black "Pajcin, Lav"]
[Result "1/2-1/2"]
[WhiteElo "1960"]
[BlackElo "1735"]
[PlyCount "173"]
[EventDate "2016.08.18"]

1. e4 e5 2. Nf3 Nc6 3. d4 exd4 4. Nxd4 Bc5 5. Be3 Qf6 6. c3 Nge7 7. Bc4 Ne5 8.
Be2 d6 9. O-O Qg6 10. f3 O-O 11. Nd2 Be6 12. Kh1 Bd7 13. Qe1 f5 14. exf5 Nxf5
15. Nxf5 Bxf5 16. Bxc5 dxc5 17. Nc4 Nc6 18. Qf2 b6 19. Ne3 Be6 20. Bc4 Ne5 21.
Bxe6+ Qxe6 22. Rfd1 c4 23. Rd4 Nd3 24. Qd2 b5 25. b3 Rae8 26. Re4 Qc6 27. Rxe8
Rxe8 28. bxc4 bxc4 29. h3 Qc5 30. Nc2 Nf2+ 31. Kh2 Nd3 32. Nd4 Qe5+ 33. Kg1 a6
34. Rb1 c5 35. Nc2 Qg3 36. Rf1 Nf4 37. Re1 Nxh3+ 38. Kf1 Rf8 39. Qd5+ Kh8 40.
Re2 Nf4 41. Qd6 Rg8 42. Rd2 Qh2 43. Qxc5 Nh5 44. Qe7 Ng3+ 45. Kf2 Nh1+ 46. Kf1
Ng3+ 47. Kf2 Nh1+ 48. Ke3 Qg1+ 49. Kf4 Qh2+ 50. Ke3 Qg1+ 51. Kf4 Qh2+ 52. Ke4
Qh6 53. Rd8 Qg6+ 54. Kd5 Qf5+ 55. Kxc4 Qb5+ 56. Kd4 Qb6+ 57. Ke4 Qxd8 58. Qxd8
Rxd8 59. Nd4 Nf2+ 60. Ke3 Nd1+ 61. Kd2 Nb2 62. Kc2 Na4 63. Kb3 Nc5+ 64. Kb4 Nb7
65. c4 Rc8 66. Nb3 g6 67. c5 Rc6 68. Kc4 Kg7 69. Kd5 Nd8 70. Nd4 Rc8 71. c6 Kf6
72. Kd6 Nf7+ 73. Kc5 Ke7 74. Kb6 Kd6 75. Kxa6 Rxc6+ 76. Nxc6 Kxc6 77. a4 Nd6
78. Ka7 Nc8+ 79. Ka8 Nd6 80. Ka7 h6 81. f4 g5 82. fxg5 hxg5 83. g4 Kc7 84. a5
Ne4 85. Ka8 Nf2 86. a6 Kc8 87. a7 1/2-1/2

[Event "European Youth Chess Championship B12"]
[Site "Prague, Top Hotel Prague"]
[Date "2016.08.27"]
[Round "9.37"]
[White "Grzesik, Gracjan"]
[Black "Bin-Suhayl, Ieysaa"]
[Result "1-0"]
[WhiteElo "1734"]
[BlackElo "1899"]
[PlyCount "49"]
[EventDate "2016.08.18"]

1. e4 c5 2. Nf3 d6 3. d4 cxd4 4. Nxd4 Nf6 5. Nc3 a6 6. Nb3 e6 7. g4 Be7 8. Be3
b5 9. e5 dxe5 10. Qxd8+ Bxd8 11. Bg2 e4 12. Nxe4 Nd5 13. Nd6+ Kd7 14. Nxf7 Rf8
15. Nxd8 Rxd8 16. O-O-O Ke8 17. Rhe1 Kf7 18. Na5 h6 19. a3 Rd7 20. b3 Bb7 21.
Nxb7 Rxb7 22. Rxd5 Nc6 23. Rd6 Rc7 24. Rxc6 Rxc6 25. Bxc6 1-0

[Event "European Youth Chess Championship B12"]
[Site "Prague, Top Hotel Prague"]
[Date "2016.08.27"]
[Round "9.38"]
[White "Skypala, Ondrej"]
[Black "Astner, Sebastian"]
[Result "1-0"]
[WhiteElo "1703"]
[BlackElo "1893"]
[PlyCount "43"]
[EventDate "2016.08.18"]

1. e4 Nc6 2. Nf3 Nf6 3. Nc3 d5 4. e5 Nd7 5. d4 Nb6 6. Bd3 Bg4 7. Be3 e6 8. h3
Bxf3 9. Qxf3 Be7 10. a3 Bg5 11. Rf1 Qe7 12. g3 f5 13. Qh5+ Kd7 14. Bxg5 Qf8 15.
Be3 Rd8 16. f4 Na5 17. b3 Nc6 18. Bb5 Ra8 19. Qe2 Qe7 20. Na4 Rac8 21. Nc5+ Ke8
22. Nxb7 1-0

[Event "European Youth Chess Championship B12"]
[Site "Prague, Top Hotel Prague"]
[Date "2016.08.27"]
[Round "9.39"]
[White "Wolaniecki, Patryk"]
[Black "Schlegel, Igor"]
[Result "1-0"]
[WhiteElo "1669"]
[BlackElo "1856"]
[PlyCount "103"]
[EventDate "2016.08.18"]

1. e4 e5 2. Nf3 Nc6 3. d4 exd4 4. Nxd4 Nf6 5. Nc3 Bc5 6. Nb3 Bb6 7. Qe2 d6 8.
Be3 Be6 9. O-O-O O-O 10. f3 a5 11. Bxb6 cxb6 12. Nd4 Qe7 13. Ndb5 Rfd8 14. Qf2
d5 15. Qxb6 dxe4 16. Rxd8+ Rxd8 17. fxe4 Bf5 18. Bd3 Nxe4 19. Nxe4 Bxe4 20.
Bxe4 Qxe4 21. Qf2 Qc4 22. Nc3 b5 23. Qf1 Qxf1+ 24. Rxf1 b4 25. Na4 f6 26. c3
Ne5 27. Kc2 Nc4 28. Rf2 Ne3+ 29. Kb3 bxc3 30. Nxc3 Rd4 31. a3 Ng4 32. Rf5 Rd2
33. Rxa5 Rxg2 34. Ra4 Ne5 35. Rd4 Rxh2 36. a4 h5 37. a5 Nc6 38. Ra4 h4 39. a6
Na7 40. Rb4 h3 41. Nb5 Nc8 42. Rc4 Nb6 43. Rc6 Rh1 44. Rxb6 Ra1 45. Na3 h2 46.
a7 h1=Q 47. Rb8+ Kh7 48. a8=Q Qd1+ 49. Kb4 Qd4+ 50. Ka5 Qc5+ 51. Ka4 Qc2+ 52.
b3 1-0

[Event "European Youth Chess Championship B12"]
[Site "Prague, Top Hotel Prague"]
[Date "2016.08.27"]
[Round "9.40"]
[White "Nguyen, Lucas"]
[Black "Hrbek, Tomas"]
[Result "1-0"]
[WhiteElo "1806"]
[BlackElo "1633"]
[PlyCount "55"]
[EventDate "2016.08.18"]

1. e4 e5 2. Nf3 Nc6 3. d4 exd4 4. Nxd4 Bc5 5. Nb3 Bb6 6. Nc3 Nf6 7. Qe2 O-O 8.
Be3 Re8 9. f3 d5 10. O-O-O Be6 11. Kb1 d4 12. Bg5 Qe7 13. Na4 Bxb3 14. axb3 Qe5
15. Bh4 Nd7 16. Bg3 Qg5 17. Qb5 Qf6 18. Qf5 Nde5 19. Bb5 g6 20. Qf4 Qg7 21. Bh4
Re6 22. Qg3 Nb4 23. f4 c6 24. Be2 Nd7 25. Bg4 f5 26. exf5 Re3 27. Qf2 d3 28.
cxd3 1-0

[Event "European Youth Chess Championship B12"]
[Site "Prague, Top Hotel Prague"]
[Date "2016.08.27"]
[Round "9.41"]
[White "Vantuch, Lucian"]
[Black "Vainerchuk, Barys"]
[Result "0-1"]
[WhiteElo "1796"]
[BlackElo "1592"]
[PlyCount "42"]
[EventDate "2016.08.18"]

1. e4 c5 2. Nf3 e6 3. d4 cxd4 4. Nxd4 Nf6 5. Nc3 Nc6 6. Ndb5 Bb4 7. a3 Bxc3+ 8.
Nxc3 d5 9. exd5 exd5 10. Bd3 d4 11. Ne2 Bf5 12. Bxf5 Qa5+ 13. Bd2 Qxf5 14. Bb4
O-O-O 15. O-O Rhe8 16. Ng3 Qg6 17. Qf3 d3 18. Nf5 Kb8 19. Bd6+ Ka8 20. Qxd3 Ne4
21. Ne7 Nxe7 0-1

[Event "European Youth Chess Championship B12"]
[Site "Prague, Top Hotel Prague"]
[Date "2016.08.27"]
[Round "9.42"]
[White "Wartiovaara, Oliver"]
[Black "Kevlishvili, Nika"]
[Result "0-1"]
[WhiteElo "1514"]
[BlackElo "1788"]
[PlyCount "38"]
[EventDate "2016.08.18"]

1. c4 c5 2. Nc3 Nc6 3. Nf3 g6 4. g3 Bg7 5. Bg2 Nh6 6. O-O Nf5 7. d3 h5 8. e4
Nfd4 9. Be3 d6 10. a3 Bg4 11. h3 Nxf3+ 12. Bxf3 Bxh3 13. Re1 Ne5 14. Bh1 Qd7
15. d4 Nxc4 16. dxc5 dxc5 17. Qxd7+ Bxd7 18. Nd5 Rc8 19. Bg5 Bxb2 0-1

[Event "European Youth Chess Championship B12"]
[Site "Prague, Top Hotel Prague"]
[Date "2016.08.27"]
[Round "9.43"]
[White "Jun, Rudolf Jr"]
[Black "Misiuk, Ernest"]
[Result "0-1"]
[WhiteElo "1621"]
[BlackElo "1783"]
[PlyCount "56"]
[EventDate "2016.08.18"]

1. e4 c5 2. Nf3 d6 3. Nc3 Nf6 4. d4 cxd4 5. Nxd4 a6 6. a4 e5 7. Nde2 Nc6 8. g3
Bg4 9. Bg2 Nd4 10. Qd3 Nxe2 11. Nxe2 Rc8 12. O-O Be7 13. h3 Be6 14. b3 O-O 15.
f4 Nd7 16. Be3 f5 17. Kh2 Qc7 18. c4 Nc5 19. Qc2 fxe4 20. Bxc5 dxc5 21. Bxe4
Rf6 22. f5 Bf7 23. g4 Rd6 24. Nc3 Bg5 25. Rfd1 Rd4 26. Kg2 Rcd8 27. Nd5 Bxd5
28. Bxd5+ Kh8 0-1

[Event "European Youth Chess Championship B12"]
[Site "Prague, Top Hotel Prague"]
[Date "2016.08.27"]
[Round "9.44"]
[White "Koelle, Tobias"]
[Black "Ratnesan, Ranesh"]
[Result "1-0"]
[WhiteElo "1866"]
[BlackElo "1714"]
[PlyCount "57"]
[EventDate "2016.08.18"]

1. d4 Nf6 2. c4 g6 3. Nc3 d5 4. cxd5 Nxd5 5. e4 Nxc3 6. bxc3 Bg7 7. Nf3 c5 8.
Be3 Qa5 9. Qd2 O-O 10. Rc1 Bg4 11. Be2 Nd7 12. d5 c4 13. O-O Nc5 14. Qc2 f5 15.
Bxc4 fxe4 16. Ng5 Kh8 17. Nxe4 Nd7 18. Bb3 Bf5 19. f3 Rac8 20. c4 Qc7 21. Qd2
Ne5 22. c5 Qd7 23. Bd4 Rfd8 24. Ng5 Qe8 25. Qc3 h6 26. Bxe5 Bxe5 27. Qxe5+ Kg8
28. d6+ e6 29. Nxe6 1-0

[Event "European Youth Chess Championship B12"]
[Site "Prague, Top Hotel Prague"]
[Date "2016.08.27"]
[Round "9.45"]
[White "Krejcok, Tobias"]
[Black "Aalto, Patrik"]
[Result "0-1"]
[WhiteElo "1851"]
[BlackElo "1733"]
[PlyCount "120"]
[EventDate "2016.08.18"]

1. e4 c5 2. Nf3 g6 3. d4 cxd4 4. Nxd4 Bg7 5. Nc3 Nc6 6. Be3 Nf6 7. Bc4 O-O 8.
Bb3 Qa5 9. O-O d6 10. h3 Bd7 11. f4 Rfc8 12. Qf3 Nxd4 13. Bxd4 Bc6 14. Rad1 Nd7
15. Bxg7 Kxg7 16. Qd3 Qc5+ 17. Kh2 b5 18. Rfe1 b4 19. Nd5 Kf8 20. Rd2 a5 21.
Ne3 Bb5 22. Qd4 Qxd4 23. Rxd4 Rc5 24. Red1 Rac8 25. a3 bxa3 26. bxa3 Ke8 27.
Rb1 Rb8 28. g4 Bc6 29. Re1 Nf6 30. Nd5 Nxd5 31. exd5 Bb5 32. Rde4 Rb7 33. a4
Ba6 34. f5 Kf8 35. f6 exf6 36. Re8+ Kg7 37. Rd8 Bc4 38. Re3 Bxb3 39. cxb3 Rxd5
40. Ra8 Rd2+ 41. Kg1 Rc7 42. Kf1 Rc1+ 43. Re1 Rc3 44. Re2 Rxe2 45. Kxe2 Rxb3
46. Rxa5 Rxh3 47. Rd5 Ra3 48. a5 Kf8 49. Rxd6 Rxa5 50. Rxf6 Kg7 51. Rb6 h5 52.
gxh5 Rxh5 53. Kf3 Rf5+ 54. Kg4 Rc5 55. Rb7 Re5 56. Kf4 Re6 57. Kg5 Re1 58. Rd7
Rf1 59. Re7 Rf5+ 60. Kg4 Rf6 0-1

[Event "European Youth Chess Championship B12"]
[Site "Prague, Top Hotel Prague"]
[Date "2016.08.27"]
[Round "9.46"]
[White "Pribyl, Viktor"]
[Black "Stoian, Cristian-Georgian"]
[Result "0-1"]
[WhiteElo "1742"]
[BlackElo "1826"]
[PlyCount "82"]
[EventDate "2016.08.18"]

1. d4 Nf6 2. c4 g6 3. Nc3 d5 4. Bf4 Bg7 5. e3 c5 6. dxc5 Qa5 7. Rc1 dxc4 8.
Bxc4 Nc6 9. Nge2 Qxc5 10. Qb3 O-O 11. Nb5 Qh5 12. Ng3 Qh4 13. Nc7 Rb8 14. Bxf7+
Rxf7 15. Rxc6 Nd7 16. Na6 bxc6 17. Nxb8 e5 18. Ne4 exf4 19. Nd6 Qf6 20. Nxf7
Qxf7 21. Qxf7+ Kxf7 22. Nxd7 Bxd7 23. b3 fxe3 24. fxe3 Ke6 25. Ke2 Ke5 26. Rc1
Kd6 27. Rd1+ Ke7 28. Rc1 Be5 29. g3 Bd6 30. Rc4 c5 31. Re4+ Kf6 32. Kd2 Bb5 33.
a4 Bc6 34. Rh4 h5 35. Rc4 Bd5 36. Rc3 Ke5 37. Kc2 Be4+ 38. Kb2 Kd5 39. Kc1 h4
40. gxh4 Bxh2 41. Kd2 Bg3 0-1

[Event "European Youth Chess Championship B12"]
[Site "Prague, Top Hotel Prague"]
[Date "2016.08.27"]
[Round "9.47"]
[White "Bonciu, David"]
[Black "Magold, Victor"]
[Result "1-0"]
[WhiteElo "1820"]
[BlackElo "1708"]
[PlyCount "61"]
[EventDate "2016.08.18"]

1. e4 c5 2. Nf3 e6 3. d4 cxd4 4. Nxd4 a6 5. Nc3 Qc7 6. Bd3 b5 7. O-O Bb7 8. Kh1
Nf6 9. Qe2 Be7 10. f4 d6 11. Bd2 Nbd7 12. a4 b4 13. Nd1 a5 14. c3 bxc3 15. Nxc3
O-O 16. Ncb5 Qd8 17. b4 axb4 18. Bxb4 d5 19. Bxe7 Qxe7 20. e5 Ne4 21. Bxe4 dxe4
22. Nd6 Bd5 23. Rfc1 f6 24. Rc7 fxe5 25. fxe5 Rfb8 26. N4b5 Qd8 27. h3 Nxe5 28.
Rac1 Nd3 29. Rxg7+ Kxg7 30. Qg4+ Kh8 31. Nf7# 1-0